[Event "Blackburne Friday Night Marathon"]
[Site "Berkeley"]
[Date "2009.04.10"]
[Round "5.5"]
[White "Zhang, Jeffrey"]
[Black "Muntean, Tudor"]
[Result "1/2-1/2"]
[WhiteElo "1337"]
[BlackElo "1456"]
[PlyCount "41"]
[EventDate "2009.??.??"]
[SourceDate "2007.10.22"]

1. e4 c6 2. d4 d5 3. exd5 cxd5 4. c4 e6 5. Nc3 Nf6 6. Nf3 Nc6 7. Be2 dxc4 8.
Bxc4 Bb4 9. O-O O-O 10. Be3 Qe7 11. Qc2 Rd8 12. Rfd1 a6 13. a3 Ba5 14. Ne4 Nd5
15. Bxd5 exd5 16. Ng3 Bg4 17. Qe2 Qf6 18. Bg5 Bxf3 19. Bxf6 Bxe2 20. Bxd8 Bxd1
21. Bxa5 1/2-1/2

[Event "Berkeley CC FNM; 30/90, SD/30"]
[Site "Berkeley"]
[Date "2009.05.08"]
[Round "2.6"]
[White "Zhang, Jeffrey"]
[Black "Sherwood, Peter"]
[Result "0-1"]
[WhiteElo "1385"]
[BlackElo "1719"]
[PlyCount "110"]
[EventDate "2009.??.??"]
[SourceDate "2007.10.22"]

1. e4 c5 2. c3 e5 3. d4 Nc6 4. dxe5 Nxe5 5. Nf3 Nxf3+ 6. Qxf3 Qf6 7. Qxf6 Nxf6
8. f3 Be7 9. Bc4 d6 10. O-O O-O 11. Rd1 Be6 12. Bxe6 fxe6 13. c4 Rad8 14. Nc3
a6 15. a4 Nd7 16. Be3 Ne5 17. b3 Nc6 18. Rd2 Bf6 19. Rc1 Bd4 20. Kf2 Kf7 21.
Ne2 e5 22. Nc3 Bxc3 23. Rxc3 Ke6 24. Ke2 Nd4+ 25. Bxd4 exd4 26. Rc1 b5 27. Rb2
bxc4 28. bxc4 Rb8 29. Rcb1 Rxb2+ 30. Rxb2 Rf7 31. Rb6 Ra7 32. a5 Kd7 33. Kd2
Kc7 34. Kc2 {draw offer} g5 35. g4 Ra8 36. h3 h6 37. e5 dxe5 38. Rxh6 Rf8 39.
Rxa6 Rxf3 40. Rg6 e4 41. Rxg5 Rc3+ 42. Kd2 e3+ 43. Ke2 Rc2+ 44. Kd3 Rd2+ 45.
Ke4 e2 46. Rxc5+ Kd6 47. Rd5+ Kc6 48. Rxd4 e1=Q+ 49. Kf4 Rxd4+ 50. Kg5 Qxa5+
51. Kh4 Rxc4 52. Kg3 Qg5 53. Kh2 Qh4 54. g5 Rc2+ 55. Kg1 Qe1# 0-1

[Event "BCC Adolf Anderssen Friday Night Marath"]
[Site "Berkeley"]
[Date "2009.02.06"]
[Round "5"]
[White "Zhang, Jeffrey"]
[Black "Stoll, Danny"]
[Result "1-0"]
[WhiteElo "1172"]
[BlackElo "1371"]
[PlyCount "66"]
[EventDate "2009.??.??"]
[SourceDate "2007.10.22"]

1. e4 c5 2. c3 d6 3. d4 cxd4 4. cxd4 Nc6 5. Nf3 Bg4 6. Be2 Nf6 7. Nc3 Qa5 8.
O-O g6 9. Be3 Bg7 10. Rc1 O-O 11. Qd2 Rac8 12. h3 Bxf3 13. Bxf3 Qb4 14. Rfd1
Rfd8 15. a3 Qb3 16. Qc2 Qxc2 17. Rxc2 Na5 18. Rdd2 Rd7 19. e5 Ne8 20. Bg4 e6
21. f4 Rdc7 22. Re2 Nc4 23. Nb5 Rd7 24. Nxa7 Ra8 25. Nb5 dxe5 26. dxe5 Ra5 27.
Nc3 Rd3 28. Nd1 Rad5 29. Nc3 Rd7 30. Kf2 Nc7 31. Bf3 Nd5 32. Nxd5 exd5 33. Bc1
Kf8 {remainder illegible} 1-0

[Event "BCC Adolf Anderssen Friday Night Marath"]
[Site "Berkeley"]
[Date "2009.01.23"]
[Round "3.11"]
[White "Zhang, Jeffrey"]
[Black "Strand, Douglas"]
[Result "1/2-1/2"]
[WhiteElo "1172"]
[BlackElo "1212"]
[PlyCount "45"]
[EventDate "2009.??.??"]
[SourceDate "2007.10.22"]

1. e4 a6 2. d4 b5 3. Nf3 Bb7 4. Bd3 Nf6 5. e5 Nd5 6. O-O e6 7. Bd2 c5 8. dxc5
Bxc5 9. Nc3 Nxc3 10. Bxc3 d6 11. exd6 Bxd6 12. Qe2 O-O 13. Rad1 Qe7 14. Rfe1
Nd7 15. Ne5 Nf6 16. a3 b4 17. axb4 Bxb4 18. Bxb4 Qxb4 19. b3 Rfc8 20. Nf3 Rc5
21. Ra1 a5 22. Qd2 Bxf3 23. Qxb4 1/2-1/2

[Event "George Koltanowski Sunday Marathon"]
[Site "?"]
[Date "2007.11.18"]
[Round "5"]
[White "Zinoman, Alexander"]
[Black "Stoll, Danny"]
[Result "1/2-1/2"]
[WhiteElo "1295"]
[BlackElo "1149"]
[PlyCount "94"]
[EventDate "2007.10.28"]
[SourceDate "2007.10.22"]

1. d4 Nf6 2. c4 g6 3. Nf3 Bg7 4. Bg5 O-O 5. e3 d6 6. Nc3 Nc6 7. Qc2 Bf5 8. Bd3
Nb4 9. Qb1 Bxd3 10. Qd1 Nc2+ 11. Kd2 Ne4+ 12. Nxe4 Bxe4 13. Rc1 Nb4 14. Qb3 Nd3
15. Rcf1 c5 16. d5 b6 17. h4 h5 18. Rhg1 Nxb2 19. Bf4 Nd3 20. Ng5 Nxf4 21. Nxe4
e5 22. exf4 Qxh4 23. g3 Qe7 24. Qf3 exf4 25. Qxf4 Rad8 26. Re1 Qe5 27. Qxe5
Bxe5 28. f4 Bg7 29. Nc3 Bxc3+ 30. Kxc3 Rfe8 31. Kb3 a6 32. Ka4 f5 33. Kb3 b5
34. a4 b4 35. a5 Rb8 36. Rh1 Kg7 37. Rhg1 Kf6 38. Rh1 Re4 39. Rxe4 fxe4 40. Re1
Re8 41. Re3 g5 42. Ka4 gxf4 43. gxf4 Kf5 44. Rb3 Kxf4 45. Rh3 Kg4 46. Rb3 e3
47. Rxe3 Rxe3 {(Stalemate!)} 1/2-1/2

[Event "George Koltanowski Sunday Marathon"]
[Site "?"]
[Date "2007.10.21"]
[Round "1"]
[White "Zinoman, Alexander"]
[Black "Svoboda, Steven"]
[Result "0-1"]
[WhiteElo "1295"]
[BlackElo "1900"]
[PlyCount "70"]
[EventDate "2007.10.28"]
[SourceDate "2007.10.22"]

1. d4 Nf6 2. c4 g6 3. Bg5 Bg7 4. Nf3 h6 5. Bh4 O-O 6. e3 d6 7. Nc3 Nbd7 8. Bd3
e5 9. O-O g5 10. Bg3 Nh5 11. Ne2 f5 12. h3 e4 13. Ne1 exd3 14. Qxd3 Ndf6 15.
Bh2 Qe8 16. Nc2 Qe4 17. Nc1 g4 18. Qxe4 Nxe4 19. f3 Nd2 20. Rf2 Nxc4 21. fxg4
fxg4 22. Rxf8+ Kxf8 23. b3 Nxe3 24. Nxe3 Bxd4 25. Rb1 g3 26. Kh1 Bxe3 27. Bg1
Bf2 28. Nd3 Bf5 29. Rd1 Bxd3 30. Rxd3 Kg7 31. Rd5 Nf4 32. Rf5 Rf8 33. Ra5 Ne2
34. Rb5 Bxg1 35. Rxb7 Bb6 0-1